000 00411nam a2200157Ia 4500
005 20260417150917.0
008 260417s9999||||xx |||||||||||||| ||und||
020 _a9781847422064
041 _aeng
100 _aIzuhara
245 0 _aAgeing and intergenerational relations
260 _bCambridge, Cambridge,
_c2022
650 _aMedia & Communication
856 _u10.46692/9781847422064
942 _cE-BOOK
999 _c50658
_d50658